| 000 | 00733nam a2200229 i 4500 | ||
|---|---|---|---|
| 001 | 37891 | ||
| 003 | ES-MaACL | ||
| 005 | 20251013215847.0 | ||
| 007 | t| | ||
| 008 | 030224s1913 fr ||||1| fre d | ||
| 100 | 1 |
_aCahen, Leon. _933440 |
|
| 245 | 1 | 2 |
_aL'oeuvre législative de la révolution / _cpar Leon Cahen et R. Guyot. |
| 260 |
_aParis : _bAlcan, _c1913. |
||
| 300 |
_aIII, 486 p. ; _c23 cm. |
||
| 490 | 1 | _aBibliothèque d'histoire contemporaine | |
| 650 | 4 |
_a _9241175 |
|
| 651 | 0 |
_aFrancia- _xHistoria- _y1789-1799, Revolución _9241176 |
|
| 700 | 1 |
_aGuyot, Raymond, _d1877-1934 _9154429 |
|
| 830 | 0 |
_aBibliothèque d'histoire contemporaine _9180875 |
|
| 852 |
_aES-MaACL _jG-7186 |
||
| 999 |
_c37891 _d37891 |
||